Las garantías mobiliarias en el comercio internacional

Guardat en:
Dades bibliogràfiques
Autor principal: Bouza Vidal, Nuria
Format: Llibre
Idioma:espanyol
Publicat: Madrid, España Marcial Pons 1991
Col·lecció:Monografías Jurídicas
Matèries:
Etiquetes: Afegir etiqueta
Sense etiquetes, Sigues el primer a etiquetar aquest registre!

MARC

LEADER 00000nam a2200000 a 4500
001 UCL9573
003 CL-VaPUC
005 20221028074226.0
008 040813e19910000SP |||||||||||||||||spa|d
999 |c 310318  |d 310316 
020 |a 8472481050 
040 |c Pontificia Universidad Católica de Valparaíso 
082 0 4 |a 341.754 BOU 1991  |2 21 
100 0 |a Bouza Vidal, Nuria  |9 487446 
245 1 4 |a Las garantías mobiliarias en el comercio internacional 
260 0 3 |a Madrid, España  |b Marcial Pons  |c 1991 
300 |a 275 páginas 
490 0 |a Monografías Jurídicas 
583 |a last modification  |c 20040813 00:00:00  |k Rodrigo Vera 
650 0 |a Derecho internacional privado  |9 256361 
650 7 |a CONTRATOS MERCANTILES  |2 CL-VaPUC  |9 391846 
650 0 |a Obligaciones contractuales  |9 386117 
650 0 |a Garantías  |9 385837 
650 0 |a Derecho mercantil  |9 371888 
650 7 |a COMERCIO INTERNACIONAL  |2 CL-VaPUC  |9 487447 
942 |c BK  |2 ddc 
945 |d 20040813 00:00:00  |a cmena 
952 |0 0  |1 0  |2 ddc  |4 0  |6 341_754000000000000_BOU_1991  |7 0  |8 A  |9 378617  |a BIBDER  |b BIBDER  |d 2019-11-21  |i 4046226  |o 341.754 BOU 1991  |p 4046226  |r 2023-01-25  |t 1  |w 2019-11-21  |y BK  |k DER